Un muchacho como aquel. Una historia política cantada por el rey.

Saved in:
Bibliographic Details
Main Author: Gilbert, Abel (autor)
Other Authors: Alabarces, Pablo (autor)
Format: Book
Published: Ciudad Autónoma de Buenos Aires, Argentina: Gourmet Musical, 2021.
Edition:1a ed.
Subjects:
Tags: Add Tag
No Tags, Be the first to tag this record!

MARC

LEADER 00000nam a22000007a 4500
003 CL-VaPUC
005 20221111132820.0
008 220928t2021 ||||| |||| 00| 0 eng d
999 |c 438989  |d 438987 
020 |a 978-987-3823-66-4 
040 |c Pontificia Universidad Católica de Valparaíso 
082 0 4 |a 927.8164 GIL 2021  |2 22 
100 1 |a Gilbert, Abel  |9 866604  |e autor 
245 1 3 |a Un muchacho como aquel.  |b Una historia política cantada por el rey. 
250 |a 1a ed. 
260 |a Ciudad Autónoma de Buenos Aires, Argentina:  |b Gourmet Musical,  |c 2021. 
300 |a 310 páginas. 
500 |a c.1. Donación profesora Laura Jordán. Memo Mus 14/09/2022 
583 |c 20220928  |k Catalogador Asistente 
600 |a Ortega, Palito,  |d 1941-  |9 877357  |x Cantantes argentinos  |x Biografías 
650 1 |a Historia de Argentina   |x Música popular  |9 877358 
700 |a Alabarces, Pablo  |e autor  |9 877189 
942 |2 ddc  |c BK 
952 |0 0  |1 0  |2 ddc  |4 0  |6 927_816400000000000_GIL_2021  |7 0  |8 A  |9 586886  |a BIBEDU  |b BIBEDU  |c GEN  |d 2022-09-28  |e Donación  |i 5654843  |o 927.8164 GIL 2021  |p 5654843  |r 2023-01-12  |t 1  |w 2022-09-28  |y BK  |k MUS